000 00554nam a22001817a 4500
999 _c194856
_d194856
005 20230124104422.0
010 _aENG-136044
020 _a9780230331433
_c210.00
035 _aEN-119576
037 _bDBAD/PUB
082 _a954.0841
100 _aPradhan, Ram Chandra
245 _aReading and Reappraising Gandhi/
_cby Ram Chandra Pradhan
260 _aNew Delhi
_bMacmillan Publishers
_c2011
270 _a2/10 Ansari Road, Daryaganj
_bNew Delhi
_e110002
300 _a290p.
_bIndex
_c22cm(pbk)
942 _2ddc
_cEN
_h954.0841
_mPRA